000 00705cam a2200253 a 4500
001 000008875
005 20200929161429.0
008 951204s1980 mx 000 f spa d
020 _a9682303826
040 _aDO-SdBNP
_dBNPHU
082 _aCu863.4
_bC297a, 1980
100 1 _aCarpentier, Alejo,
_d1904-1980.
_98634
245 1 3 _aEl arpa y la sombra /
_cAlejo Carpentier.
250 _a8a ed.
260 _aMéxico :
_bSiglo Veintiuno,
_c1980.
300 _a204 p. ;
_c19 cm.
490 1 _aCreación literaria
650 4 _aNovela cubana
_92316
650 4 _aLiteratura cubana
_91483
830 0 _aCreación literaria
_920528
910 _aCatalogación derivada.
910 _aWM
049 _aBNGR
999 _c8644
_d8644